[Event "FIN-chT1A 1819"]
[Site "Finland"]
[Date "2019.04.06"]
[Round "7.2"]
[White "Heikkinen, Jyrki"]
[Black "Vuorisalo, Veli Matti"]
[Result "0-1"]
[WhiteElo "2010"]
[BlackElo "2164"]
[PlyCount "72"]
[EventDate "2018.09.15"]
[EventType "team-tourn"]
[EventRounds "7"]
[EventCountry "FIN"]
[SourceTitle "EXT 2020"]
[Source "ChessBase"]
[SourceDate "2019.10.17"]
[SourceVersion "1"]
[SourceVersionDate "2019.10.17"]
[SourceQuality "1"]
[WhiteTeam "Helsinki LauttSK"]
[BlackTeam "Pori PSY"]
[WhiteTeamCountry "FIN"]
[BlackTeamCountry "FIN"]

1. d4 Nf6 2. f3 d6 3. e4 Nbd7 4. Bc4 e5 5. c3 Be7 6. Ne2 c6 7. 0-0 d5 8. Bb3 0-0 9. Ng3 Re8 10. f4 exd4 11. e5 dxc3 12. Nxc3 Ng4 13. Qxg4 Nxe5 14. Qd1 Bc5+ 15. Kh1 Ng4 16. h3 Nf2+ 17. Rxf2 Bxf2 18. Kh2 Re1 19. Qd2 Bg1+ 20. Kh1 Bf2+ 21. Kh2 Bxg3+ 22. Kxg3 Rh1 23. Nd1 Qf6 24. Nf2 Qg6+ 25. Kf3 Rg1 26. g4 f5 27. g5 Qh5+ 28. Ke3 Rg3+ 29. Kd4 Qe8 30. Bc2 c5+ 31. Kxc5 Qc6+ 32. Kd4 Qb6+ 33. Ke5 Qe6+ 34. Kd4 Qb6+ 35. Ke5 d4 36. Nd3 Rxd3 0-1

[Event "FIN-chT1A 1415"]
[Site "Finland"]
[Date "2014.11.15"]
[Round "3.1"]
[White "Zumsande, Martin"]
[Black "Vuorisalo, Veli Matti"]
[Result "1-0"]
[WhiteElo "2432"]
[BlackElo "2183"]
[PlyCount "47"]
[EventDate "2014.09.27"]
[EventType "team-tourn"]
[EventRounds "7"]
[EventCountry "FIN"]
[SourceTitle "EXT 2017"]
[Source "ChessBase"]
[SourceDate "2016.10.25"]
[SourceVersion "1"]
[SourceVersionDate "2016.10.25"]
[SourceQuality "1"]
[WhiteTeam "Helsinki Garde"]
[BlackTeam "Pori PSY"]
[WhiteTeamCountry "FIN"]
[BlackTeamCountry "FIN"]

1. e4 c5 2. c3 d6 3. d4 cxd4 4. cxd4 g6 5. Nc3 Bg7 6. Be3 Nf6 7. h3 Qa5 8. Bd3 0-0 9. Nf3 d5 10. e5 Ne8 11. 0-0 Nc6 12. Rc1 Qd8 13. Ng5 Nc7 14. f4 f5 15. a3 Re8 16. b4 Ne6 17. Nxd5 Kh8 18. Bc4 Nxg5 19. fxg5 b5 20. Bb3 Bd7 21. Nf4 a5 22. Qf3 Rc8 23. Qf2 axb4 24. Nxg6+ 1-0

[Event "FIN-chT1A 1415"]
[Site "Finland"]
[Date "2014.10.18"]
[Round "2.1"]
[White "Yrjola, Jouni"]
[Black "Vuorisalo, Veli Matti"]
[Result "1-0"]
[WhiteElo "2346"]
[BlackElo "2183"]
[PlyCount "117"]
[EventDate "2014.09.27"]
[EventType "team-tourn"]
[EventRounds "7"]
[EventCountry "FIN"]
[SourceTitle "EXT 2017"]
[Source "ChessBase"]
[SourceDate "2016.10.25"]
[SourceVersion "1"]
[SourceVersionDate "2016.10.25"]
[SourceQuality "1"]
[WhiteTeam "Helsinki KS 58"]
[BlackTeam "Pori PSY"]
[WhiteTeamCountry "FIN"]
[BlackTeamCountry "FIN"]

1. d4 d5 2. c4 e6 3. Nf3 Nf6 4. Nc3 Bb4 5. Bg5 Nbd7 6. e3 0-0 7. cxd5 exd5 8. Bd3 c5 9. 0-0 c4 10. Nxd5 Qa5 11. Nxb4 Qxb4 12. Be2 b5 13. Qd2 Qd6 14. Qa5 Qb6 15. Qxb6 Nxb6 16. Nd2 Be6 17. Rfc1 Nfd7 18. Bf3 Bd5 19. e4 Bb7 20. Bg4 Rfe8 21. f3 h6 22. Bh4 g5 23. Bf2 Nf6 24. Bf5 Nh5 25. g3 Ng7 26. g4 Nxf5 27. gxf5 g4 28. Kg2 Na4 29. Rab1 Rac8 30. d5 c3 31. bxc3 Nxc3 32. Ra1 a5 33. Bb6 Nxd5 34. Rxc8 Bxc8 35. Bxa5 Ne3+ 36. Kf2 Nc4 37. Nxc4 bxc4 38. Rg1 h5 39. h3 Bd7 40. hxg4 Ra8 41. gxh5+ Kh7 42. Bc3 Rxa2+ 43. Kg3 Ra3 44. Be5 Ra8 45. Kf4 Rf8 46. Bf6 Rg8 47. Rc1 Ba4 48. Ra1 Ra8 49. Bc3 Bc6 50. Rxa8 Bxa8 51. Kg5 Bc6 52. Kf6 Kg8 53. h6 Ba4 54. h7+ Kxh7 55. Kxf7 Bd1 56. e5 Bxf3 57. e6 Bg4 58. f6 Bh5+ 59. Ke7 1-0

[Event "FIN-chT1A 1415"]
[Site "Finland"]
[Date "2014.09.27"]
[Round "1.1"]
[White "Salo, Tapio"]
[Black "Vuorisalo, Veli Matti"]
[Result "1/2-1/2"]
[WhiteElo "2283"]
[BlackElo "2183"]
[PlyCount "135"]
[EventDate "2014.09.27"]
[EventType "team-tourn"]
[EventRounds "7"]
[EventCountry "FIN"]
[SourceTitle "EXT 2017"]
[Source "ChessBase"]
[SourceDate "2016.10.25"]
[SourceVersion "1"]
[SourceVersionDate "2016.10.25"]
[SourceQuality "1"]
[WhiteTeam "Loimaa SK"]
[BlackTeam "Pori PSY"]
[WhiteTeamCountry "FIN"]
[BlackTeamCountry "FIN"]

1. Nf3 d5 2. d4 Nf6 3. c4 e6 4. Nc3 Bb4 5. Qa4+ Nc6 6. e3 0-0 7. Bd2 Bxc3 8. Bxc3 Ne4 9. Qc2 Qe7 10. Be2 Nxc3 11. Qxc3 Qb4 12. Qxb4 Nxb4 13. Kd2 dxc4 14. Bxc4 Rd8 15. a3 Nd5 16. Rhc1 Nf6 17. Bd3 c6 18. Ke2 Bd7 19. Ne5 Be8 20. g4 Nd7 21. Nxd7 Rxd7 22. g5 Rad8 23. f4 g6 24. Be4 Kg7 25. h4 h5 26. b4 Kf8 27. a4 Re7 28. Rc5 a6 29. Kd3 Ra8 30. Kc3 Rc7 31. Kb3 Ke7 32. Rac1 Kd6 33. Bf3 Bd7 34. e4 Rcc8 35. Be2 Re8 36. Ra5 Kc7 37. Rac5 Kb6 38. Re5 Rad8 39. Bc4 Bc8 40. Kc3 Rf8 41. Rf1 Kc7 42. a5 Bd7 43. Bd3 Kd6 44. f5 Rde8 45. fxg6 fxg6 46. Rf6 Rg8 47. Rc5 Ref8 48. Kd2 Ke7 49. e5 Be8 50. Rc1 Rg7 51. Kc3 Rfg8 52. Rcf1 Bf7 53. Kc4 Rd8 54. Be4 Rd7 55. Kc5 Kd8 56. Bc2 Ke7 57. Bb3 Rh7 58. Kc4 Rg7 59. Kd3 Rh7 60. Ke3 Rg7 61. Bc2 Rd8 62. Be4 Rdg8 63. Bg2 Rd8 64. Bh3 Rd5 65. Bg2 Rd8 66. Be4 Rdg8 67. Rc1 Rd8 68. Rb1 1/2-1/2

[Event "Rostock SSC op 13th"]
[Site "Rostock"]
[Date "2014.07.26"]
[Round "6"]
[White "Vuorisalo, Veli Matti"]
[Black "Stern, Rene"]
[Result "0-1"]
[WhiteElo "2180"]
[BlackElo "2527"]
[PlyCount "102"]
[EventDate "2014.07.23"]
[EventType "swiss"]
[EventRounds "7"]
[EventCountry "GER"]
[SourceTitle "EXT 2018"]
[Source "ChessBase"]
[SourceDate "2017.10.13"]
[SourceVersion "1"]
[SourceVersionDate "2017.10.13"]
[SourceQuality "1"]

1. Nf3 Nf6 2. b3 e6 3. Bb2 Be7 4. e3 b6 5. d4 Bb7 6. Bd3 0-0 7. 0-0 c5 8. c4 cxd4 9. exd4 d5 10. Nbd2 Nbd7 11. Qe2 Rc8 12. Ne5 Rc7 13. f4 Bb4 14. Ndf3 Ne4 15. Rac1 f6 16. Nxd7 Qxd7 17. Rc2 Bd6 18. Nd2 f5 19. Qe3 Qf7 20. Nf3 Qh5 21. Be2 Qh6 22. Ne5 Rfc8 23. Rfc1 g5 24. fxg5 Nxg5 25. c5 f4 26. Ng4 Qg6 27. Qd2 Ne4 28. Qd3 Bf8 29. b4 Bg7 30. Nf2 bxc5 31. bxc5 Bc6 32. Rf1 Ba4 33. Rcc1 Rb8 34. Ba1 Bb5 35. Qd1 Bxe2 36. Qxe2 Rf8 37. Nd3 Rcf7 38. Kh1 Qh6 39. Kg1 Qg5 40. Kh1 Qh4 41. Kg1 Qg5 42. Rf3 Qg6 43. c6 Ng5 44. Nc5 Nxf3+ 45. Qxf3 Rc8 46. Na6 Bf8 47. Bb2 e5 48. dxe5 Rxc6 49. Qxd5 f3 50. g3 Rxc1+ 51. Bxc1 f2+ 0-1

[Event "Rostock SSC op 13th"]
[Site "Rostock"]
[Date "2014.07.23"]
[Round "1"]
[White "Leddin, Mathias"]
[Black "Vuorisalo, Veli Matti"]
[Result "0-1"]
[WhiteElo "1657"]
[BlackElo "2180"]
[PlyCount "56"]
[EventDate "2014.07.23"]
[EventType "swiss"]
[EventRounds "7"]
[EventCountry "GER"]
[SourceTitle "EXT 2018"]
[Source "ChessBase"]
[SourceDate "2017.10.13"]
[SourceVersion "1"]
[SourceVersionDate "2017.10.13"]
[SourceQuality "1"]

1. e4 c5 2. Nf3 d6 3. d4 cxd4 4. Nxd4 Nf6 5. Nc3 g6 6. Be2 Bg7 7. 0-0 0-0 8. Be3 Nc6 9. Qd2 Bd7 10. f4 Rc8 11. Nxc6 Bxc6 12. Bd3 Ng4 13. Ne2 Nxe3 14. Qxe3 Bxb2 15. Rab1 Ba3 16. Qh3 Qa5 17. f5 Qe5 18. fxg6 Bc5+ 19. Kh1 fxg6 20. Bc4+ Kg7 21. Be6 Rb8 22. Nc3 Rf6 23. Rxf6 Qxf6 24. Nd5 Qf2 25. g3 Qxc2 26. Re1 Rf8 27. Qh4 Qf2 28. Rc1 Qf3# 0-1

[Event "FIN Team Cup"]
[Site "Finland"]
[Date "2013.05.11"]
[Round "3.1"]
[White "Vuorisalo, Veli Matti"]
[Black "Salokangas, Hannu"]
[Result "0-1"]
[WhiteElo "2146"]
[BlackElo "2170"]
[PlyCount "56"]
[EventDate "2013.04.06"]
[EventType "team-k.o."]
[EventRounds "6"]
[EventCountry "FIN"]
[SourceTitle "EXT 2022"]
[Source "ChessBase"]
[SourceDate "2021.10.06"]
[SourceVersion "1"]
[SourceVersionDate "2021.10.06"]
[SourceQuality "1"]
[WhiteTeam "Pori PSY"]
[BlackTeam "Tampere Tammer II"]
[WhiteTeamCountry "FIN"]
[BlackTeamCountry "FIN"]

1. c4 Nf6 2. g3 c6 3. Nf3 g6 4. b3 Bg7 5. Bb2 d5 6. Bg2 Qb6 7. Bd4 c5 8. Bc3 d4 9. Bb2 Nc6 10. d3 0-0 11. 0-0 Nh5 12. Nbd2 Qc7 13. a3 a5 14. Qc2 f5 15. e3 dxe3 16. fxe3 e5 17. g4 fxg4 18. Ng5 Ne7 19. Rxf8+ Bxf8 20. Rf1 Bh6 21. Nf7 Bxe3+ 22. Kh1 Bd4 23. Nh6+ Kg7 24. Rf7+ Kxh6 25. Ne4 Be6 26. Qd2+ Nf4 27. Rf6 Kg7 28. Bc1 Bf5 0-1

[Event "Seinajoki We SeinSK"]
[Site "Seinajoki"]
[Date "2012.??.??"]
[Round "1"]
[White "Kangasniemi, Jussi"]
[Black "Vuorisalo, Veli Matti"]
[Result "0-1"]
[WhiteElo "1829"]
[BlackElo "2145"]
[PlyCount "61"]
[EventDate "2012.??.??"]
[EventType "swiss"]
[EventRounds "5"]
[EventCountry "FIN"]
[SourceTitle "EXT 2022"]
[Source "ChessBase"]
[SourceDate "2021.10.06"]
[SourceVersion "1"]
[SourceVersionDate "2021.10.06"]
[SourceQuality "1"]

1. Nf3 c5 2. g3 Nc6 3. d4 d5 4. Bg2 Nf6 5. 0-0 e6 6. b3 Be7 7. Bb2 0-0 8. Nbd2 b6 9. c4 Bb7 10. Rc1 Rc8 11. Qc2 dxc4 12. Nxc4 cxd4 13. Qb1 b5 14. Na3 Bxa3 15. Bxa3 Re8 16. Rfd1 e5 17. e3 Qa5 18. Bc5 d3 19. e4 Nxe4 20. b4 Qa4 21. Bh3 Rcd8 22. Bf5 Nxc5 23. bxc5 e4 24. Ng5 h6 25. Nh3 Nd4 26. Bg4 Bc8 27. Bxc8 Ne2+ 28. Kf1 Rxc8 29. Nf4 Nxc1 30. Qxc1 Rxc5 31. Qb2 0-1

[Event "FIN-chT1B 1011"]
[Site "Finland"]
[Date "2011.02.13"]
[Round "8.1"]
[White "Vuorisalo, Veli Matti"]
[Black "Lako, Mika"]
[Result "0-1"]
[WhiteElo "2149"]
[BlackElo "2220"]
[PlyCount "78"]
[EventDate "2010.09.18"]
[EventType "team-tourn"]
[EventRounds "9"]
[EventCountry "FIN"]
[SourceTitle "EXT 2022"]
[Source "ChessBase"]
[SourceDate "2021.10.06"]
[SourceVersion "1"]
[SourceVersionDate "2021.10.06"]
[SourceQuality "1"]
[WhiteTeam "Pori PSY"]
[BlackTeam "Helsinki I-HSK"]
[WhiteTeamCountry "FIN"]
[BlackTeamCountry "FIN"]

1. c4 f5 2. g3 Nf6 3. Bg2 g6 4. Nc3 Bg7 5. d3 d6 6. h4 Nc6 7. Nh3 e5 8. Bg5 h6 9. Bd2 Be6 10. Nd5 Qd7 11. Qc1 Ng8 12. b4 Nd8 13. e4 c6 14. Nc3 Nf6 15. Ng1 Nf7 16. Nge2 d5 17. exd5 cxd5 18. c5 d4 19. c6 bxc6 20. b5 Rc8 21. Bxc6 Rxc6 22. bxc6 Qxc6 23. 0-0 dxc3 24. Qxc3 Qf3 25. d4 Qxe2 26. Qc6+ Bd7 27. Qa8+ Nd8 28. Ba5 0-0 29. Bxd8 Qe4 30. Qxe4 Nxe4 31. Be7 Re8 32. Bc5 exd4 33. Bxa7 Ra8 34. Bb6 Ra6 35. Bc7 Nc3 36. a3 d3 37. Kh2 Bc6 38. Rac1 d2 39. Ra1 Bf3 0-1

[Event "Tallinn CSIT 2nd"]
[Site "Tallinn"]
[Date "2010.07.05"]
[Round "4.4"]
[White "Petrov, Aleksandr"]
[Black "Vuorisalo, Veli Matti"]
[Result "1-0"]
[WhiteElo "1993"]
[BlackElo "2155"]
[PlyCount "121"]
[EventDate "2010.07.03"]
[EventType "team-tourn"]
[EventRounds "6"]
[EventCountry "EST"]
[SourceTitle "EXT 2011"]
[Source "ChessBase"]
[SourceDate "2010.11.26"]
[SourceVersion "1"]
[SourceVersionDate "2010.11.26"]
[SourceQuality "1"]
[WhiteTeam "Kalev"]
[BlackTeam "Finland Workers"]
[WhiteTeamCountry "EST"]
[BlackTeamCountry "FIN"]

1. e4 c5 2. Nf3 d6 3. d4 cxd4 4. Nxd4 Nf6 5. Nc3 g6 6. f3 Bg7 7. Be3 Nc6 8. Qd2 0-0 9. 0-0-0 d5 10. Nxc6 bxc6 11. exd5 Nxd5 12. Nxd5 cxd5 13. Qxd5 Qc7 14. Qc5 Qb8 15. Bd4 Rd8 16. Bc4 Bf5 17. Bxg7 Qf4+ 18. Kb1 Kxg7 19. b3 Rac8 20. Qxe7 Bxc2+ 21. Kxc2 Rxc4+ 22. Kb2 Rd2+ 23. Ka3 Rc7 24. g3 Rxe7 25. gxf4 Ree2 26. Rxd2 Rxd2 27. h4 Rd5 28. b4 Rf5 29. Ka4 Rxf4 30. Ka5 Rxf3 31. a4 Re3 32. Ka6 Re4 33. Rb1 Re7 34. b5 f5 35. a5 f4 36. Rf1 Rf7 37. b6 axb6 38. axb6 h6 39. b7 Rxb7 40. Kxb7 g5 41. Kc6 Kf6 42. Kd5 Kf5 43. hxg5 hxg5 44. Kd4 g4 45. Kd3 g3 46. Ke2 Kg4 47. Ra1 Kh3 48. Kf3 Kh2 49. Ra2+ Kh1 50. Ra8 Kg1 51. Rg8 Kh2 52. Rh8+ Kg1 53. Rh4 g2 54. Rxf4 Kh2 55. Rh4+ Kg1 56. Kg3 Kf1 57. Rf4+ Kg1 58. Rf5 Kh1 59. Rh5+ Kg1 60. Rh2 Kf1 61. Rxg2 1-0

[Event "FIN-ch"]
[Site "Helsinki"]
[Date "2006.06.16"]
[Round "7"]
[White "Parkkinen, Jyrki"]
[Black "Vuorisalo, Veli Matti"]
[Result "1-0"]
[WhiteElo "2218"]
[BlackElo "2184"]
[PlyCount "131"]
[EventDate "2006.06.10"]
[EventType "swiss"]
[EventRounds "9"]
[EventCountry "FIN"]
[SourceTitle "CBM 112 Extra"]
[Source "ChessBase"]
[SourceDate "2006.07.14"]
[SourceVersion "1"]
[SourceVersionDate "2006.07.14"]
[SourceQuality "1"]

1. Nf3 Nf6 2. c4 c5 3. Nc3 Nc6 4. d4 cxd4 5. Nxd4 e6 6. g3 a6 7. Bg2 Qc7 8. Nxc6 bxc6 9. 0-0 Be7 10. Bf4 e5 11. Bg5 d6 12. Qa4 Bd7 13. Rfd1 h6 14. Bxf6 Bxf6 15. Rd2 Be7 16. Qd1 Be6 17. b3 0-0 18. e3 Rad8 19. Qf3 Qa5 20. e4 Kh8 21. Qd3 f5 22. Rad1 f4 23. gxf4 Rxf4 24. Ne2 Rf6 25. Bh3 Bxh3 26. Qxh3 Rg6+ 27. Ng3 Bg5 28. Rc2 Qc5 29. Rf1 Rf8 30. Qh5 Rgf6 31. Qe2 g6 32. Kg2 Kg7 33. f3 a5 34. Rc3 Qb4 35. Rd3 h5 36. Rb1 h4 37. Nh1 Qb7 38. Nf2 Re6 39. Rbd1 Qb8 40. Ng4 Qb4 41. Qc2 Qc5 42. Qc3 Rf7 43. Rb1 Rb7 44. a3 Qxa3 45. Ra1 Qb4 46. Qxb4 axb4 47. Ra6 Rc7 48. Rb6 Bc1 49. Rxb4 Ba3 50. Rb8 Bc5 51. b4 Ba7 52. Rd8 Bd4 53. Ra3 g5 54. Raa8 Rb7 55. Rg8+ Kf7 56. Raf8+ Ke7 57. Rf5 Rxb4 58. Rg7+ Kd8 59. Rff7 Re8 60. Nf6 Rh8 61. Rc7 Rb2+ 62. Kf1 Rb1+ 63. Ke2 Rb2+ 64. Kd1 Rb1+ 65. Kc2 Rb2+ 66. Kc1 1-0

[Event "FIN-ch"]
[Site "Helsinki"]
[Date "2006.06.14"]
[Round "5"]
[White "Topi Hulmi, Teemu"]
[Black "Vuorisalo, Veli Matti"]
[Result "1-0"]
[WhiteElo "2281"]
[BlackElo "2184"]
[PlyCount "93"]
[EventDate "2006.06.10"]
[EventType "swiss"]
[EventRounds "9"]
[EventCountry "FIN"]
[SourceTitle "CBM 112 Extra"]
[Source "ChessBase"]
[SourceDate "2006.07.14"]
[SourceVersion "1"]
[SourceVersionDate "2006.07.14"]
[SourceQuality "1"]

1. e4 c5 2. Nc3 Nc6 3. g3 g6 4. Bg2 Bg7 5. d3 d6 6. f4 e5 7. Nh3 Nge7 8. 0-0 exf4 9. Bxf4 0-0 10. Qd2 Nd4 11. Rf2 Be6 12. Bh6 Qd7 13. Bxg7 Kxg7 14. Nf4 f6 15. Ncd5 Rad8 16. Raf1 Ng8 17. c3 Nc6 18. d4 Rb8 19. dxc5 dxc5 20. Nc7 Bg4 21. Qxd7+ Bxd7 22. Nce6+ Bxe6 23. Nxe6+ Kf7 24. Nxf8 Rxf8 25. e5 Nxe5 26. Bd5+ Kg7 27. Bxg8 Rxg8 28. Rxf6 Re8 29. Rd6 Re7 30. Rfd1 g5 31. h3 h5 32. b3 b6 33. a4 Nf3+ 34. Kf2 Ne5 35. R1d5 g4 36. hxg4 Nxg4+ 37. Kf3 Rf7+ 38. Ke2 Rf2+ 39. Ke1 Rf3 40. Rg5+ Kf7 41. Rxh5 Re3+ 42. Kd2 Rxg3 43. Rh7+ Kg8 44. Rxa7 Rg2+ 45. Kc1 Rg1+ 46. Kb2 Rg2+ 47. Ka3 1-0

[Event "FIN-ch"]
[Site "Lahti"]
[Date "2005.06.20"]
[Round "7"]
[White "Niemi, Kalle"]
[Black "Vuorisalo, Veli Matti"]
[Result "1/2-1/2"]
[WhiteElo "2247"]
[BlackElo "2101"]
[PlyCount "90"]
[EventDate "2005.06.14"]
[EventType "swiss"]
[EventRounds "9"]
[EventCountry "FIN"]
[SourceTitle "EXT 2007"]
[Source "ChessBase"]
[SourceDate "2006.11.23"]
[SourceVersion "1"]
[SourceVersionDate "2006.11.23"]
[SourceQuality "1"]

1. e4 c5 2. Nf3 d6 3. d4 cxd4 4. Nxd4 Nf6 5. f3 g6 6. c4 Bg7 7. Nc3 Nc6 8. Be3 0-0 9. Be2 a6 10. Qd2 Nxd4 11. Bxd4 Bd7 12. 0-0 Rc8 13. Rac1 Ne8 14. Be3 Nf6 15. Rfd1 Be6 16. b3 Re8 17. Na4 Nd7 18. Bf1 Qc7 19. b4 b6 20. Nc3 Qb7 21. Nd5 Bxd5 22. Qxd5 Qxd5 23. cxd5 b5 24. Kf2 Bb2 25. Rc6 Rxc6 26. dxc6 Ne5 27. Rb1 Bc3 28. c7 Rc8 29. Bb6 Nd7 30. Ba5 Bd4+ 31. Ke1 Bb6 32. Bxb6 Nxb6 33. Rc1 Na8 34. Rc6 Nxc7 35. a4 bxa4 36. Bxa6 Ra8 37. Bb7 Ra7 38. Rxc7 a3 39. Rc8+ Kg7 40. Bd5 a2 41. Bxa2 Rxa2 42. Kf1 Rb2 43. Rb8 Kf6 44. Rb5 h5 45. h4 Ke6 1/2-1/2

[Event "FIN-ch"]
[Site "Lahti"]
[Date "2005.06.19"]
[Round "6"]
[White "Vuorisalo, Veli Matti"]
[Black "Sammalvuo, Tapani"]
[Result "1/2-1/2"]
[WhiteElo "2101"]
[BlackElo "2425"]
[PlyCount "120"]
[EventDate "2005.06.14"]
[EventType "swiss"]
[EventRounds "9"]
[EventCountry "FIN"]
[SourceTitle "EXT 2007"]
[Source "ChessBase"]
[SourceDate "2006.11.23"]
[SourceVersion "1"]
[SourceVersionDate "2006.11.23"]
[SourceQuality "1"]

1. c4 Nf6 2. g3 c6 3. Bg2 d5 4. Nf3 dxc4 5. 0-0 Bf5 6. a4 e6 7. Na3 Bxa3 8. Rxa3 0-0 9. b3 cxb3 10. Qxb3 Qc7 11. Bb2 Nbd7 12. Rc1 e5 13. d4 e4 14. Nd2 Rad8 15. a5 Rfe8 16. Nf1 Qd6 17. Ne3 Bg6 18. Nc4 Qc7 19. a6 b6 20. Ne3 Qd6 21. Qa4 c5 22. Rd1 Qb8 23. Rb3 cxd4 24. Bxd4 Rc8 25. Qa1 Rc6 26. Bh3 Nc5 27. Rb5 Rd8 28. Rbb1 h5 29. Kg2 Kh7 30. Be5 Qa8 31. Qa2 Re8 32. Ba1 Rd8 33. Be5 Ng4 34. Bxg4 hxg4 35. h3 Re6 36. Ba1 gxh3+ 37. Kxh3 Rxd1 38. Rxd1 Qc8 39. Kg2 Qxa6 40. Qb2 f6 41. Nd5 Qa4 42. Rh1+ Kg8 43. Nf4 Bf7 44. Nxe6 Bxe6 45. Qd2 Qd7 46. Qf4 Bg4 47. f3 exf3+ 48. exf3 Bf5 49. g4 Bg6 50. Qd4 a5 51. Rd1 Qxd4 52. Bxd4 a4 53. Bxc5 bxc5 54. Rc1 Bf7 55. Rxc5 a3 56. Ra5 a2 57. Kg3 g5 58. f4 gxf4+ 59. Kxf4 Kg7 60. g5 Be6 1/2-1/2

[Event "Heart of Finland op 14th"]
[Site "Jyvaskyla"]
[Date "2004.07.21"]
[Round "2"]
[White "Vuorisalo, Veli Matti"]
[Black "Nyysti, Sampsa"]
[Result "0-1"]
[WhiteElo "2151"]
[BlackElo "2358"]
[PlyCount "74"]
[EventDate "2004.07.21"]
[EventType "swiss"]
[EventRounds "9"]
[EventCountry "FIN"]
[SourceTitle "EXT 2007"]
[Source "ChessBase"]
[SourceDate "2006.11.23"]
[SourceVersion "1"]
[SourceVersionDate "2006.11.23"]
[SourceQuality "1"]

1. c4 Nf6 2. g3 c6 3. Bg2 d5 4. cxd5 cxd5 5. Nf3 Nc6 6. d4 Bg4 7. Nc3 e6 8. 0-0 Be7 9. Bf4 Bxf3 10. Bxf3 Qb6 11. e3 Qxb2 12. Qd3 Rc8 13. Rab1 Qa3 14. Rxb7 Bb4 15. Rxb4 Nxb4 16. Qb5+ Nc6 17. Qb7 0-0 18. Nb5 Qb2 19. a4 Na5 20. Qa6 Nb3 21. Nxa7 Rc4 22. Qb5 Qa2 23. Bd6 Re8 24. Bb4 Rxb4 25. Qxb4 Nd2 26. Be2 Nxf1 27. Kxf1 Ne4 28. a5 Nd2+ 29. Kg2 Nc4 30. Bxc4 dxc4 31. Qb5 Rf8 32. Nc6 c3 33. Ne7+ Kh8 34. Qc5 c2 35. Ng6+ hxg6 36. Qxf8+ Kh7 37. Qe7 Qd5+ 0-1